|
|
|
|
| LEADER |
01394nam a22003017a 4500 |
| 001 |
42666 |
| 003 |
BD-DhAAL |
| 008 |
240611t2000 nyua|||| |||| 00| 0 eng d |
| 020 |
|
|
|a 0022782141
|
| 020 |
|
|
|a 9780022782146
|
| 040 |
|
|
|a BD-DhAAL
|c BD-DhAAL
|
| 082 |
|
|
|a 613.7
|
| 245 |
|
|
|a Human body :
|b keeping healthy /
|c Richard Moyer ... [et al.] ; McGraw-Hill Companies. McGraw-Hill School Division. National Geographic Society (U.S.). Educational Services.
|
| 246 |
|
|
|a Human body keeping healthy
|
| 250 |
|
|
|a Macmillan/McGraw-Hill edition
|
| 264 |
|
|
|a New York :
|b McGraw-Hill School Division,
|c c2000.
|
| 300 |
|
|
|a various paging :
|b color illustrations ;
|c 28 cm.
|
| 490 |
|
|
|a McGraw-Hill science
|
| 541 |
|
|
|a Donation from the Asia Foundation/Savar Campus Library
|e 42666
|
| 650 |
|
|
|a Physical fitness.
|
| 650 |
|
|
|a Health.
|
| 700 |
|
|
|a Moyer, Richard.
|9 55346
|
| 710 |
|
|
|a McGraw-Hill Companies.
|b McGraw-Hill School Division.
|b National Geographic Society (U.S.).
|b Educational Services.
|9 20417
|
| 830 |
|
|
|a McGraw-Hill science
|9 35789
|
| 852 |
|
|
|a Ayesha Abed Library
|c General Stacks
|
| 942 |
|
|
|2 ddc
|c BK
|
| 999 |
|
|
|c 46721
|d 46721
|
| 952 |
|
|
|0 0
|1 0
|2 ddc
|4 0
|6 613_700000000000000_HUM
|7 0
|9 75638
|a SCL
|b SCL
|c GEN
|d 2024-06-11
|e Donation from the Asia Foundation/Savar Campus Library
|l 0
|o 613.7 HUM
|p 3020042666
|r 2024-06-11
|t 1
|w 2024-06-11
|y BK
|x Donation from the Asia Foundation/Savar Campus Library
|